000
00185 a2200097 4500
001
60108
100
_a
245
_a
260
_a
New York
_b
BBC English
_c
1994
090
_c
36910
_d
36910
942
_a
NUST-CAE
_c
_c
29903
999
_c
295181
_d
295181